| 000 | 00889cam a22002531 4500 | ||
|---|---|---|---|
| 001 | 17638 | ||
| 003 | BD-RjUL | ||
| 005 | 20211209000154.0 | ||
| 008 | 140217s19481927enkc b 000 0 eng | ||
| 035 | _a(BD-RjUL)17696 | ||
| 035 | _a(OCoLC)3491412 | ||
| 040 |
_aDLC _cNcRS _dNcRS _dOCoLC _dDLC _beng |
||
| 041 | _aeng | ||
| 082 |
_a811.3 _bPOP 1948 |
||
| 100 | 1 |
_aPoe, Edgar Allan, _d1809-1849. _954384 |
|
| 245 | 1 | 4 |
_aThe works of Edgar Allan Poe: _bthe poems & three essays on poetry / _cedited by R. Brimley Johnson; Narrative of Arthur Gordon Pym, Miscellanies. |
| 260 |
_aLondon : _bOxford University Press, _bMilford, _cC1927.[reprinting 1948] |
||
| 300 |
_avii, 570 p. : _bport. ; _c19 cm. |
||
| 504 | _aBibliography: p. [139]-148. | ||
| 700 | 1 |
_aJohnson, R. Brimley _q(Reginald Brimley), _d1867-1932, _eed. _954385 |
|
| 942 |
_2ddc _cBK |
||
| 999 |
_c17638 _d17638 |
||